The Doctor Falls Speech (Doctor Who) - Statistics

General Stats
  • This quiz has been taken 29 times
    17 since last reset
  • The average score is 139 of 198
Answer Stats
Answer % Correct
me.
100%
stand
100%
stand.
100%
Stand
100%
with
100%
a
86%
be?
86%
be
86%
because
86%
Because
86%
do
86%
do.
86%
fall.
86%
I
86%
Is
86%
is
86%
it
86%
it.
86%
it?
86%
it's
86%
It's
86%
just
86%
Just
86%
kind.
86%
kind?
86%
no
86%
right.
86%
to
86%
what
86%
What
86%
where
86%
Where
86%
win.
86%
you
86%
all,
71%
all.
71%
And
71%
and
71%
can
71%
decent.
71%
easy.
71%
fight,
71%
I'm
71%
not
71%
Not
71%
not,
71%
So
71%
some
71%
that
71%
that.
71%
want
71%
will
71%
about?
57%
about
57%
above
57%
any
57%
are
57%
at
57%
away
57%
beat
57%
best
57%
blame
57%
But
57%
die.
57%
die
57%
does.
57%
doing
57%
end,
57%
ever
57%
for
57%
for?
57%
fun.
57%
God
57%
going
57%
good
57%
hardly
57%
help
57%
here
57%
If
57%
kills
57%
know
57%
knows
57%
little.
57%
live.
57%
Maybe
57%
maybe
57%
might
57%
of
57%
or
57%
people
57%
run
57%
someone
57%
someone.
57%
the
57%
them
57%
These
57%
think
57%
this
57%
today,
57%
until
57%
we
57%
Who
57%
Winning?
57%
works,
57%
would
57%
am
43%
even
43%
hate
43%
Have
43%
long.
43%
many,
43%
point
43%
Someday.
43%
terrified.
43%
there's
43%
too!
43%
trying
43%
Why
43%
you're
43%
Hey,
29%
thought
29%
how
14%
No matching quizzes found
Score Distribution
Percent of People with Each Score
Percentile by Number Answered
Your Score History
You have not taken this quiz since the last reset